Health care provision : past, present, and future

Αποθηκεύτηκε σε:
Λεπτομέρειες βιβλιογραφικής εγγραφής
Κύριος συγγραφέας: Leathard, Audrey
Μορφή: Βιβλίο
Γλώσσα:English
Δημοσίευση: London New York : Chapman & Hall, 1990.
Θέματα:
Ετικέτες: Προσθήκη ετικέτας
Δεν υπάρχουν, Καταχωρήστε ετικέτα πρώτοι!

MARC

LEADER 00000cam a2200000 i 4500
001 1/28463
008 960705s1990 eng d
020 |a 041233190X  
035 |l 10023042 
040 |a GR-MY-UA  |b gre  |e aacr 
041 0 |a eng 
082 0 |a 362.10941  
100 1 |a Leathard, Audrey. 
245 1 0 |a Health care provision :   |b past, present, and future /   |c Audrey Leathard.  
260 |a London   |a New York :   |b Chapman & Hall,   |c 1990.  
300 |a x, 230 σ. :   |b εικ. ;   |c 22 εκ.  
504 |a Περιλαμβάνει βιβλιογραφικές παραπομπές και ευρετήριο.  
650 0 0 |a National Health Service (Great Britain)  |x History. 
650 0 0 |a Medicine, State  |z Great Britain  |x History. 
650 0 0 |a National health services  |z Great Britain  |x History. 
852 |a INST  |b CHIOS  |e 19960705  |h 362.10941 LEA  |p 005200002905  |q 005200002905  |t BK  |y 0 
909 |a Χ  |b 028764